00730nam a2200241 a 4500001001300000003000900013005001700022008004100039020000900080082001300089100001800102245003100120260004700151300000800198500003500206650001700241700001800258902000800276942000700284952009200291952009200383999001300475nice12345678IN_TiNIC20260116011317.0070618s1936 mada grp 000 0 eng  ac5000a232bRIC aRichards, J R aWhat Manner of Man Is This aMadrasbChristian Literature Societyc1936 a61p aincludes index and biblioraphy aJesus Christ1 aRichards, J R bSRS cBK 00104070aHMIbHMId0000-00-00g50.00l0o232 RICp2045r0000-00-00w2026-01-16yARB 00104070aHMIbHMId0000-00-00g50.00l0o232 RICp5206r0000-00-00w2026-01-16yARB c403d403